00265nam a2200109Ia 4500008004100000100002200041245002900063260001700092650002200109942000700131999001700138190216s9999||||xx |||||||||||||| ||und|| aPonkunnam Varkey 0aThiranjedutha Nadakangal bNbs Kottayam aMalayalam Nadakam cBK c24889d24889